000 00420cam a2200157ua 4500
041 _aeng
_h
082 _a028.71631
_bRAG/HA
100 _aRaghavan, D .
245 _aHand book of manures and fertilizers /
_cD Raghavan.
_hTextual Documents
250 _a1 /
_b.
260 _aNew Delhi :
_bIndian Council for Agricultural Research ,
_c1964.
300 _a320 ; .
504 _a
942 _cBK
999 _c6736
_d6736